00488nam a2200133Ia 4500008004100000100002400041245012400065245003800189260005900227260000900286650001800295650001500313856002600328170221s9999 xx 000 0 und d aIbrahim, Bahaeldin. aCollege Radio as a Mechanism for Participatory Learning: Exploring Scope for Radio Based Learning among Undergraduates  cBahaeldin Ibrahim, Naveen Mishra. bOnline Journal of Communication and Media Technologies c2014 xCommunication xMedia Arts uhttp://www.ojcmt.net/